বাংলাদেশের নগর এলাকায় পরিবারের পরিবর্তনের ধারা ও মহিলাদের অবস্থা : (Record no. 77777)
[ view plain ]
| 000 -LEADER | |
|---|---|
| fixed length control field | 02284nam a2200301 a 4500 |
| 001 - CONTROL NUMBER | |
| control field | 77777 |
| 003 - CONTROL NUMBER IDENTIFIER | |
| rucl marc code | BD-RjUL |
| 005 - DATE AND TIME OF LATEST TRANSACTION | |
| control field | 20211209083024.0 |
| 008 - FIXED-LENGTH DATA ELEMENTS--GENERAL INFORMATION | |
| fixed length control field | 210110s2008 bg a|||| m||| 00| 0 ben d |
| 035 ## - SYSTEM CONTROL NUMBER | |
| System control number | (BD-RjUL)78003 |
| 040 ## - CATALOGING SOURCE | |
| Original cataloging agency | BD-RjUL |
| Language of cataloging | ben / eng |
| Transcribing agency | BD-RjUL |
| Modifying agency | BD-RjUL |
| 041 ## - LANGUAGE CODE | |
| Language code of text/sound track or separate title | ben |
| 082 ## - DEWEY DECIMAL CLASSIFICATION NUMBER | |
| Classification number | 306.85095492 |
| Author mark and year | QAB 2008 |
| Edition number | 23 |
| 100 ## - MAIN ENTRY--PERSONAL NAME | |
| Personal name | কায়েস, শাহানা |
| 9 (RLIN) | 213356 |
| 245 ## - TITLE STATEMENT | |
| Title | বাংলাদেশের নগর এলাকায় পরিবারের পরিবর্তনের ধারা ও মহিলাদের অবস্থা : |
| Remainder of title | রাজশাহী মহানগরীর উপর একটি সমীক্ষা / |
| Statement of responsibility, etc. | শাহানা কায়েস ; |
| Linkage | গবেষণা তত্ত্বাবধায়ক : মুহম্মদ মিজানউদ্দিন |
| 260 ## - PUBLICATION, DISTRIBUTION, ETC. (IMPRINT) | |
| Place of publication, distribution, etc. | রাজশাহী : |
| Name of publisher, distributor, etc. | ইনস্টিটিউট অব বাংলাদেশ স্টাডিজ, রাজশাহী বিশ্ববিদ্যালয়, |
| Date of publication, distribution, etc. | ২০০৮ |
| 300 ## - PHYSICAL DESCRIPTION | |
| Pagination | xi, ২৩২ পাতা : |
| Illustrations | চিত্র ; |
| Size | ৩০ সেমি. |
| 502 ## - DISSERTATION NOTE | |
| Dissertation note | থিসিস (পিএইচ. ডি.) -- ইনস্টিটিউট অব বাংলাদেশ স্টাডিজ, রাজশাহী বিশ্ববিদ্যালয়, ২০০৮ |
| 504 ## - BIBLIOGRAPHY, ETC. NOTE | |
| Bibliography, etc | গ্রন্থপ্ঞ্জী : পাতা [২০৯] - ২২৭ |
| 650 ## - SUBJECT ADDED ENTRY--TOPICAL TERM | |
| Topical term or geographic name as entry element | পরিবার |
| Geographic subdivision | বাংলাদেশ |
| -- | রাজশাহী মহানগর |
| 9 (RLIN) | 243605 |
| Topical term or geographic name as entry element | Families |
| Geographic subdivision | Bangladesh |
| -- | Rajshahi Metropolish |
| 9 (RLIN) | 243606 |
| Topical term or geographic name as entry element | মহিলা |
| Geographic subdivision | বাংলাদেশ |
| -- | রাজশাহী মহানগর |
| General subdivision | সামাজিক পরিস্থিতি |
| 9 (RLIN) | 243607 |
| Topical term or geographic name as entry element | Women |
| Geographic subdivision | Bangladesh |
| -- | Rajshahi Metropolish |
| General subdivision | Social conditions. |
| 9 (RLIN) | 243608 |
| Topical term or geographic name as entry element | মহিলা |
| Geographic subdivision | বাংলাদেশ |
| -- | রাজশাহী মহানগর |
| General subdivision | অর্থনৈতিক অবস্থা |
| 9 (RLIN) | 243609 |
| Topical term or geographic name as entry element | Women |
| Geographic subdivision | Bangladesh |
| -- | Rajshahi Metropolish |
| General subdivision | Economic conditions |
| 9 (RLIN) | 243610 |
| 700 ## - ADDED ENTRY--PERSONAL NAME | |
| Personal name | মিজানউদ্দিন, মুহম্মদ, গবেষণা তত্ত্বাবধায়ক |
| 942 ## - ADDED ENTRY ELEMENTS (KOHA) | |
| Source of classification or shelving scheme | Dewey Decimal Classification |
| Koha item type | Theses |
| Lost status | Source of classification or shelving scheme | Damaged status | Not for loan | Collection code | Permanent Location | Current Location | Shelving location | Date acquired | Source of acquisition | Total Checkouts | Full call number | Date last seen | Copy number | Koha item type |
|---|---|---|---|---|---|---|---|---|---|---|---|---|---|---|
| Dewey Decimal Classification | Not For Loan | Theses | Central Library, University of Rajshahi | Central Library, University of Rajshahi | Documentation Section | 16/08/2009 | Controller of Exam. , R. U. | BTHE 306.85095492 QAB 2008 | 10/01/2021 | C-1 | Theses |